<?xml version="1.0" encoding="UTF-8"?><?xml-stylesheet type="text/xsl" href="static/style.xsl"?><OAI-PMH xmlns="http://www.openarchives.org/OAI/2.0/" xmlns:xsi="http://www.w3.org/2001/XMLSchema-instance" xsi:schemaLocation="http://www.openarchives.org/OAI/2.0/ http://www.openarchives.org/OAI/2.0/OAI-PMH.xsd"><responseDate>2026-04-14T06:10:47Z</responseDate><request verb="GetRecord" identifier="oai:www.recercat.cat:2072/484259" metadataPrefix="marc">https://recercat.cat/oai/request</request><GetRecord><record><header><identifier>oai:recercat.cat:2072/484259</identifier><datestamp>2025-05-08T16:53:25Z</datestamp><setSpec>com_2072_98</setSpec><setSpec>col_2072_378192</setSpec></header><metadata><record xmlns="http://www.loc.gov/MARC21/slim" xmlns:dcterms="http://purl.org/dc/terms/" xmlns:xsi="http://www.w3.org/2001/XMLSchema-instance" xmlns:doc="http://www.lyncode.com/xoai" xsi:schemaLocation="http://www.loc.gov/MARC21/slim http://www.loc.gov/standards/marcxml/schema/MARC21slim.xsd">
   <leader>00925njm 22002777a 4500</leader>
   <datafield ind2=" " ind1=" " tag="042">
      <subfield code="a">dc</subfield>
   </datafield>
   <datafield ind2=" " ind1=" " tag="720">
      <subfield code="a">Mumbrú Mora, Àlex,</subfield>
      <subfield code="e">author</subfield>
   </datafield>
   <datafield ind2=" " ind1=" " tag="260">
      <subfield code="c">2012</subfield>
   </datafield>
   <datafield ind2=" " ind1=" " tag="520">
      <subfield code="a">En el dominio teórico, la validez objetiva de nuestros conceptos depende de su posible referencia a la intuición, ya sea por medio de la muestra de un ejemplo (conceptos empíricos) o de su construcción en la intuición a priori (conceptos matemáticos). La exigencia de una referencia intuitiva se extiende también a aquellas representaciones que escapan por principio a toda posible sensibilización, si bien sin ninguna pretensión cognoscitiva. Éste sería el caso de los conceptos o ideas de la razón en general, de los que hace uso el discurso moral en tanto que esencialmente heterogéneo de nuestros conceptos teóricos. En el artículo se analiza la naturaleza, el funcionamiento y el lugar sistemático del concepto de exposición simbólica como modo de referencia alternativa a la sensibilidad por el que se nos ponen de manifiesto aspectos de una representación que no tiene ningún referente intuitivo directo. En este sentido, el texto muestra el entramado de relaciones por las que el ámbito estético se convierte en el campo de sensibilización del dominio moral.</subfield>
   </datafield>
   <datafield ind1="8" ind2=" " tag="024">
      <subfield code="a">http://hdl.handle.net/2072/484259</subfield>
   </datafield>
   <datafield tag="653" ind2=" " ind1=" ">
      <subfield code="a">Lenguaje</subfield>
   </datafield>
   <datafield tag="653" ind2=" " ind1=" ">
      <subfield code="a">Significado</subfield>
   </datafield>
   <datafield tag="653" ind2=" " ind1=" ">
      <subfield code="a">Exposición simbólica</subfield>
   </datafield>
   <datafield tag="653" ind2=" " ind1=" ">
      <subfield code="a">Estética</subfield>
   </datafield>
   <datafield tag="653" ind2=" " ind1=" ">
      <subfield code="a">Moralidad</subfield>
   </datafield>
   <datafield ind2="0" ind1="0" tag="245">
      <subfield code="a">El concepto de exposición simbólica en Kant</subfield>
   </datafield>
</record></metadata></record></GetRecord></OAI-PMH>